| 000 | 01164cam a2200349 i 4500 | ||
|---|---|---|---|
| 003 | EG-GICUC | ||
| 005 | 20260505093425.0 | ||
| 008 | 881128s1989 enk frb 001 0 eng d | ||
| 020 |
_a0070841985 : _c£19.95 |
||
| 020 | _a9780070841987 | ||
| 040 |
_aDLC _cDLC _dDLC _dEG-GICUC _beng _erda |
||
| 043 | _ae-uk--- | ||
| 050 | 0 | 0 |
_aHD5708.55.G7 _bM37 1989 |
| 082 | 0 | 0 |
_a338.88841 _221 |
| 092 | 0 | 4 | _221 |
| 099 | _aLaw 13 1989 | ||
| 100 | 1 | _aMcDermott, Michael C. | |
| 245 | 1 | 0 |
_aMultinationals : _bforeign divestment and disclosure / _cMichael C. McDermott. |
| 264 |
_aLondon ; _aNew York : _bMcGraw-Hill, _c1989. |
||
| 300 |
_axiii, 127 pages ; _c24 cm. |
||
| 336 |
_atext _2rdacontent |
||
| 337 |
_aComputer _2rdamedia |
||
| 338 |
_aOnline Resource _2rdacarrier |
||
| 504 | _aIncludes bibliographical references (p. 118-121). | ||
| 650 | 0 |
_aPlant shutdowns _zGreat Britain. |
|
| 650 | 0 |
_aDisinvestment _zGreat Britain. |
|
| 650 | 0 |
_aEmployees _xReporting to _zGreat Britain. |
|
| 650 | 0 |
_aInternational business enterprises _zGreat Britain. |
|
| 856 | 4 | 0 | _uhttps://fll.law.cu.edu.eg/fulltext/bks/ENGB13-00118.pdf |
| 905 | _a10 | ||
| 942 |
_2ddc _cBK _e21 _n0 |
||
| 999 |
_c75604 _d75604 |
||